[Event "Barcelona Sant Marti op 6th"]
[Site "Barcelona"]
[Date "2017.01.12"]
[Round "1"]
[White "Gomez Fernandez, Miquel"]
[Black "Sabater Comas, Jordi"]
[Result "0-1"]
[WhiteElo "1559"]
[BlackElo "1918"]
[PlyCount "56"]
[EventDate "2017.01.12"]
[EventType "swiss"]
[EventRounds "9"]
[EventCountry "ESP"]
[SourceTitle "EXT 2018"]
[Source "ChessBase"]
[SourceDate "2017.10.13"]
[SourceVersion "1"]
[SourceVersionDate "2017.10.13"]
[SourceQuality "1"]

1. f4 d5 2. Nf3 c5 3. d4 cxd4 4. Nxd4 Nf6 5. Nc3 Nc6 6. e3 g6 7. Be2 Bg7 8. 0-0 0-0 9. a3 Qb6 10. Nf3 Rd8 11. Bd3 d4 12. exd4 Nxd4 13. Kh1 Bg4 14. Qe1 Nxf3 15. Rxf3 Bxf3 16. gxf3 Qc6 17. Ne4 e6 18. Be3 Nd5 19. Rb1 f5 20. Nd2 Nxe3 21. Qxe3 Bd4 22. Qe2 Rd6 23. Nc4 Rdd8 24. Re1 Kf7 25. Kg2 a6 26. c3 Bf6 27. Ne5+ Bxe5 28. Qxe5 Rxd3 0-1

[Event "Barcelona La Lira op 30th"]
[Site "Barcelona"]
[Date "2012.03.09"]
[Round "8"]
[White "Massanet Miret, Pere"]
[Black "Sabater Comas, Jordi"]
[Result "1/2-1/2"]
[WhiteElo "1734"]
[BlackElo "1909"]
[PlyCount "111"]
[EventDate "2012.01.20"]
[EventType "swiss"]
[EventRounds "8"]
[EventCountry "ESP"]
[SourceTitle "EXT 2013"]
[Source "ChessBase"]
[SourceDate "2012.11.22"]
[SourceVersion "1"]
[SourceVersionDate "2012.11.22"]
[SourceQuality "1"]

1. d4 Nf6 2. Nf3 d5 3. Bf4 g6 4. e3 Bg7 5. Be2 0-0 6. h3 Nbd7 7. 0-0 c5 8. c3 b6 9. Nbd2 Bb7 10. Bh2 Ne8 11. Qa4 Nd6 12. Rab1 a6 13. a3 b5 14. Qc2 Rc8 15. Qd1 Re8 16. Bd3 Qb6 17. Re1 a5 18. Bc2 e5 19. dxe5 Nxe5 20. Nxe5 Bxe5 21. Bxe5 Rxe5 22. Nf3 Re7 23. b3 Rce8 24. Nh2 d4 25. cxd4 cxd4 26. Nf1 Qc6 27. e4 Nxe4 28. Rxe4 Rxe4 29. Bxe4 Rxe4 30. f3 Rf4 31. Ng3 Qf6 32. Qe2 b4 33. axb4 axb4 34. Qb5 Bxf3 35. gxf3 Rxf3 36. Qb8+ Kg7 37. Rf1 Rxf1+ 38. Nxf1 Qg5+ 39. Kf2 Qf5+ 40. Kg1 Qc5 41. Qf4 d3+ 42. Kg2 Qd5+ 43. Kf2 Qxb3 44. Qd4+ f6 45. Nd2 Qc3 46. Qa7+ Kh6 47. Qe3+ g5 48. h4 Qe5 49. hxg5+ Qxg5 50. Qxd3 f5 51. Qd6+ Kh5 52. Qxb4 f4 53. Qb3 Qh4+ 54. Kf1 Qh1+ 55. Kf2 Qh2+ 56. Kf1 1/2-1/2

[Event "Barcelona La Lira op 30th"]
[Site "Barcelona"]
[Date "2012.02.10"]
[Round "4"]
[White "Miguel Bort, Francesco"]
[Black "Sabater Comas, Jordi"]
[Result "1-0"]
[WhiteElo "1894"]
[BlackElo "1909"]
[PlyCount "77"]
[EventDate "2012.01.20"]
[EventType "swiss"]
[EventRounds "8"]
[EventCountry "ESP"]
[SourceTitle "EXT 2013"]
[Source "ChessBase"]
[SourceDate "2012.11.22"]
[SourceVersion "1"]
[SourceVersionDate "2012.11.22"]
[SourceQuality "1"]

1. d4 Nf6 2. e3 d5 3. Bd3 g6 4. f4 Bg7 5. Nf3 0-0 6. 0-0 c5 7. c3 Qc7 8. h3 b6 9. Ne5 Nbd7 10. Nd2 Bb7 11. Qf3 Rac8 12. g4 e6 13. Qg2 a6 14. Nxd7 Nxd7 15. Nf3 Nf6 16. Bd2 Ne4 17. Rac1 Bc6 18. b3 Qb7 19. Ne5 Bb5 20. c4 Nxd2 21. Qxd2 Bc6 22. Nxc6 Rxc6 23. cxd5 exd5 24. dxc5 bxc5 25. f5 Qc7 26. Rf3 Re8 27. Re1 c4 28. Bc2 Qe5 29. Kg2 d4 30. bxc4 Rxc4 31. Bb3 Rcc8 32. fxg6 Re7 33. Bxf7+ Kh8 34. e4 Rec7 35. Bb3 Rc3 36. Qf2 Rxf3 37. Qxf3 Rc3 38. Qf2 hxg6 39. Qh4+ 1-0

[Event "Barcelona Sant Marti op 05th"]
[Site "Barcelona"]
[Date "2003.06.14"]
[Round "8.20"]
[White "Puig Monserrat, Jordi"]
[Black "Sabater Comas, Jordi"]
[Result "0-1"]
[WhiteElo "1880"]
[BlackElo "2015"]
[PlyCount "130"]
[EventDate "2003.04.26"]
[EventType "swiss"]
[EventRounds "9"]
[EventCountry "ESP"]
[SourceTitle "EXT 2004"]
[Source "ChessBase"]
[SourceDate "2003.11.25"]
[SourceVersion "1"]
[SourceVersionDate "2003.11.25"]
[SourceQuality "1"]

1. d4 d5 2. Nf3 Nf6 3. Bf4 e6 4. e3 c5 5. c4 Nc6 6. Nc3 Bd6 7. Bxd6 Qxd6 8. Nb5 Qe7 9. dxc5 0-0 10. Nd6 b6 11. cxd5 Nxd5 12. e4 Nf6 13. e5 Nd7 14. Nxc8 Rfxc8 15. Ba6 Rc7 16. Qd6 Nxc5 17. Bb5 a6 18. Bxc6 Qxd6 19. exd6 Rxc6 20. Rd1 Rd8 21. b4 Ne4 22. d7 Rc7 23. 0-0 Rcxd7 24. Rxd7 Rxd7 25. Ne5 Rd2 26. a3 f6 27. Nc4 Rd3 28. f3 Nd2 29. Nxd2 Rxd2 30. Rc1 Rd3 31. Rc6 e5 32. a4 Ra3 33. b5 Rxa4 34. Rxb6 a5 35. Ra6 Ra2 36. Ra7 h6 37. h4 h5 38. Kh2 Kh7 39. Kh3 Kg6 40. g4 hxg4+ 41. fxg4 Ra3+ 42. Kg2 a4 43. h5+ Kh6 44. b6 Rb3 45. b7 a3 46. Rxa3 Rxb7 47. Kg3 Kg5 48. Rf3 g6 49. hxg6 Kxg6 50. Rf5 Rb3+ 51. Kh4 e4 52. Rf4 e3 53. Kg3 e2+ 54. Kf2 Re3 55. Ke1 Re5 56. Rf2 Kg5 57. Rf3 Re6 58. Rf2 Kxg4 59. Rxe2 Rxe2+ 60. Kxe2 Kg3 61. Kf1 f5 62. Kg1 Kf3 63. Kf1 f4 64. Kg1 Ke2 65. Kg2 f3+ 0-1

[Event "Barcelona Sant Marti op 05th"]
[Site "Barcelona"]
[Date "2003.05.31"]
[Round "6.20"]
[White "Ani, Virgil"]
[Black "Sabater Comas, Jordi"]
[Result "0-1"]
[WhiteElo "1860"]
[BlackElo "2015"]
[PlyCount "63"]
[EventDate "2003.04.26"]
[EventType "swiss"]
[EventRounds "9"]
[EventCountry "ESP"]
[SourceTitle "EXT 2004"]
[Source "ChessBase"]
[SourceDate "2003.11.25"]
[SourceVersion "1"]
[SourceVersionDate "2003.11.25"]
[SourceQuality "1"]

1. f4 d5 2. Nf3 c5 3. e3 Nf6 4. c3 g6 5. Be2 Bg7 6. 0-0 0-0 7. Na3 Nc6 8. Nc2 Bf5 9. Nh4 Bxc2 10. Qxc2 e6 11. Nf3 Rc8 12. b3 d4 13. d3 Nd5 14. exd4 cxd4 15. c4 Nc3 16. a3 Re8 17. b4 a6 18. Bb2 Qd6 19. g3 e5 20. c5 Qd5 21. Ng5 Nxe2+ 22. Qxe2 exf4 23. Qg4 Ne5 24. Qxf4 Nxd3 25. Qh4 h6 26. Nxf7 Re2 27. Qh3 Rf8 28. Nxh6+ Bxh6 29. Rxf8+ Bxf8 30. Rf1 Bh6 31. Qc8+ Kh7 32. Qh3 0-1

[Event "Barcelona Sant Marti op 04th"]
[Site "Barcelona"]
[Date "2002.06.01"]
[Round "9.4"]
[White "Sabater Comas, Jordi"]
[Black "Zapata Rios, Juan Jose"]
[Result "1/2-1/2"]
[WhiteElo "2000"]
[BlackElo "2015"]
[PlyCount "103"]
[EventDate "2002.04.06"]
[EventType "swiss"]
[EventRounds "9"]
[EventCountry "ESP"]
[SourceTitle "EXT 2003"]
[Source "ChessBase"]
[SourceDate "2002.11.25"]
[SourceVersion "1"]
[SourceVersionDate "2002.11.25"]
[SourceQuality "1"]

1. e4 e5 2. Nf3 Nc6 3. Bb5 a6 4. Ba4 Nf6 5. c3 b5 6. Bb3 Be7 7. 0-0 0-0 8. Re1 d6 9. h3 Na5 10. Bc2 c5 11. d4 cxd4 12. cxd4 Qc7 13. Bg5 Bb7 14. Nbd2 exd4 15. Nxd4 Nc6 16. N2f3 Rac8 17. Rc1 Rfd8 18. Bb1 Qb6 19. Nf5 Bf8 20. Bxf6 gxf6 21. Qd3 Ne5 22. Nxe5 dxe5 23. Qg3+ Kh8 24. Bc2 Rc7 25. Qg4 Bc8 26. Bb3 Bxf5 27. Qxf5 Bc5 28. Red1 Rg8 29. Rc2 Rg5 30. Rd8+ Kg7 31. Qf3 Bd4 32. Rxc7 Qxc7 33. h4 Rg6 34. Rd5 Qc1+ 35. Kh2 Qxb2 36. Rd7 Qxf2 37. Rxf7+ Kh6 38. Qxf2 Bxf2 39. h5 Kxh5 40. Rxh7+ Kg5 41. Bf7 Rh6+ 42. Rxh6 Kxh6 43. Kh3 Kg5 44. Bd5 b4 45. g3 a5 46. Kg2 Bd4 47. Bc6 f5 48. exf5 Kxf5 49. Kf3 Bg1 50. Bd7+ Kf6 51. Bc6 Ke6 52. Ke4 1/2-1/2